| Tag |
First Indicator |
Second Indicator |
Subfields |
| LEADER |
00000cam a2200000Ka 4500 |
| 001 |
in00004528613 |
| 005 |
20150715093408.0 |
| 008 |
120427s1988 xx a bm 000 0 ger d |
| 035 |
|
|
|a (OCoLC)ocn790400655
|
| 035 |
|
|
|a (OCoLC)790400655
|
| 035 |
|
|
|z (UtOrBLW)66493
|
| 035 |
|
|
|a 94080
|
| 040 |
|
|
|a IWA
|b eng
|c IWA
|d OCLCQ
|d UtOrBLW
|
| 049 |
|
|
|a TMVM
|
| 100 |
1 |
|
|a Beisser, Klaus.
|
| 245 |
1 |
0 |
|a Experimentelle Untersuchungen zur In-vitro-Kultivierung von Zellen der Kärntner Honigbiene (Apis mellifera carnica Pollmann, 1879) /
|c von Klaus Beisser.
|
| 264 |
|
1 |
|a [Place of publication not identified] :
|b [publisher not identified],
|c 1988.
|
| 300 |
|
|
|a 78 pages :
|b illustrations ;
|c 21 cm
|
| 336 |
|
|
|a text
|b txt
|2 rdacontent
|
| 337 |
|
|
|a unmediated
|b n
|2 rdamedia
|
| 338 |
|
|
|a volume
|b nc
|2 rdacarrier
|
| 502 |
|
|
|b doctoral
|c Ludwig-Maximilians-Universität München
|d 1988.
|
| 500 |
|
|
|a Summary in English.
|
| 504 |
|
|
|a Includes bibliographical references.
|
| 999 |
|
|
|a MARS
|
| 999 |
f |
f |
|s edb7be44-4aba-35ef-b965-f54f63e4c8f4
|i 69104e77-2aac-3b62-9bc5-fa1fc0a2ed1e
|t 0
|
| 952 |
f |
f |
|p preservation
|a Texas A&M University
|b J.J. Pickle Campus
|c High Density Repository
|d Remote Storage
|t 0
|e German dissertations
|h Other scheme
|i unmediated -- volume
|m 3238902488509
|
| 998 |
f |
f |
|a German dissertations
|t 0
|l Remote Storage
|